Onerepublic - Stop and Stare Lyrics - Statistics

General Stats
  • This quiz has been taken 50 times
  • The average score is 184 of 249
Answer Stats
Answer % Correct
and
94%
And
94%
but
94%
But
94%
go
94%
I
94%
now
94%
nowhere
94%
stare
94%
Stare
94%
Stop
94%
here
88%
moving
88%
think
88%
do
82%
get
82%
I'm
82%
know
82%
not
82%
on
82%
the
82%
there
82%
what
82%
You
82%
you
82%
be
76%
can
76%
can't
76%
Every
76%
for
76%
it's
76%
It's
76%
life
76%
me
76%
Oh
76%
see
76%
that
76%
to
76%
you're
76%
don't
71%
everyone
71%
is
71%
I've
71%
last
71%
scared
71%
start
71%
This
71%
us
71%
why
71%
wonder
71%
ain't
65%
become
65%
counting
65%
fair
65%
gets
65%
just
65%
make
65%
move
65%
of
65%
off
65%
one
65%
take
65%
time
65%
Time
65%
anything
59%
appeal
59%
colder
59%
could
59%
fail
59%
feet
59%
glance
59%
got
59%
hands
59%
heart
59%
killing
59%
my
59%
need
59%
our
59%
out
59%
run
59%
rust
59%
shakin'
59%
sick
59%
standing
59%
Steady
59%
up
59%
what's
59%
Yeah
59%
down
53%
give
53%
myself
53%
really
53%
something
53%
staring
53%
thought
53%
till
53%
town
53%
wheel
53%
years
53%
you'd
53%
all
47%
anywhere
47%
come
47%
never
47%
pulls
47%
push
47%
senses
47%
set
47%
walk
47%
back
41%
focus
41%
lead
41%
They're
41%
tryin'
41%
weight
41%
gonna
35%
Untie
35%
bags
29%
No matching quizzes found
Score Distribution
Percent of People with Each Score
Percentile by Number Answered
Your Score History
You have not taken this quiz